00744nam a2200181 i 450000100060000000300090000600500170001500700030003200800410003510000380007624501790011426000310029330000220032470000450034685200320039199900170042395201220044069788ES-MaACL20230906170623.0t|040712s1965 sp ||||1| spa d1 aGarcía de Haro, Ramón.95443210aRégimen jurídico de formación profesional en derecho español / cRamón García de Haro ; con un anexo de legislación vigente por Javier Fernández Migueltorena. a[Madrid : bRialp, c1965] a223 p. ; c22 cm.1 aFernández Micheltorena, Javier.949925 aES-MaACLjC-28734 bR.58050 c69788d69788 00104070aATENEOMbATENEOMcDEPO2d2008-01-17eSCl0oC-28734p1073078r2023-02-23 00:00:00w2023-02-23yMONOGRAFIA